Využitie internetu v marketingovej komunikácii firmy diplomová práca

Salvato in:
Dettagli Bibliografici
Autore principale: Pávek, Jaroslav
Ente Autore: Obchodná fakulta EU. Katedra marketingu
Altri autori: Žák, Štefan, 1971-
Natura: Libro
Lingua:slovacco
Pubblicazione: Bratislava 2010
Tags: Aggiungi Tag
Nessun Tag, puoi essere il primo ad aggiungerne!!

MARC

LEADER 00000nam a2200000 4500
001 0122114
005 20240318123838.8
041 0 |a slo 
044 |a SK 
245 1 0 |a Využitie internetu v marketingovej komunikácii firmy  |b diplomová práca  |c Jaroslav Pávek ; škol. Štefan Žák 
264 1 |a Bratislava  |c 2010 
300 |a 71 s. 
100 1 |a Pávek, Jaroslav 
700 1 |a Žák, Štefan, 1971- 
710 2 |a Obchodná fakulta EU. Katedra marketingu